[Event "Eger Europe Chess"]
[Site "Eger"]
[Date "2001.02.20"]
[Round "5"]
[White "Vajda, Albert"]
[Black "Nakamura, Hikaru"]
[Result "0-1"]
[WhiteElo "2410"]
[BlackElo "2365"]
[PlyCount "98"]
[EventDate "2001.02.??"]
[EventType "tourn"]
[EventRounds "9"]
[EventCountry "HUN"]
[EventCategory "4"]
[SourceTitle "EXT 2004"]
[Source "ChessBase"]
[SourceDate "2003.11.25"]
[SourceVersion "1"]
[SourceVersionDate "2003.11.25"]
[SourceQuality "1"]

1. e4 c5 2. Nf3 d6 3. c3 Nf6 4. Bd3 Bg4 5. Bc2 g6 6. d3 Bg7 7. Nbd2 Nc6 8. O-O
O-O 9. h3 Bxf3 10. Nxf3 Rc8 11. Be3 Nd7 12. Qd2 b5 13. a3 a5 14. Bh6 Nb6 15.
Bxg7 Kxg7 16. b4 cxb4 17. cxb4 a4 18. Rac1 e5 19. Bd1 Nd7 20. d4 Qb6 21. dxe5
Ndxe5 22. Be2 Nxf3+ 23. Bxf3 Qd4 24. Qe2 Qe5 25. Rfd1 Nd4 26. Qe3 Nxf3+ 27.
Qxf3 Rc4 28. Rxc4 bxc4 29. Rc1 Rc8 30. Rc3 Qd4 31. g4 Re8 32. Re3 d5 33. g5
Rxe4 34. Rxe4 dxe4 35. Qf4 c3 36. Qc7 e3 37. fxe3 Qxe3+ 38. Kf1 Qxg5 39. Qxc3+
Qf6+ 40. Qxf6+ Kxf6 41. Kf2 Ke5 42. Kg3 f5 43. Kf3 g5 44. Kg3 h5 45. Kf3 g4+
46. hxg4 hxg4+ 47. Kf2 f4 48. Ke2 g3 49. Ke1 f3 0-1

[Event "Eger Europe Chess"]
[Site "Eger"]
[Date "2001.02.21"]
[Round "6"]
[White "Nakamura, Hikaru"]
[Black "Illijin, Neboisa"]
[Result "1-0"]
[WhiteElo "2365"]
[BlackElo "2270"]
[PlyCount "81"]
[EventDate "2001.02.??"]
[EventType "tourn"]
[EventRounds "9"]
[EventCountry "HUN"]
[EventCategory "4"]
[SourceTitle "EXT 2004"]
[Source "ChessBase"]
[SourceDate "2003.11.25"]
[SourceVersion "1"]
[SourceVersionDate "2003.11.25"]
[SourceQuality "1"]

1. e4 c5 2. Nc3 e6 3. Nf3 Nc6 4. d4 cxd4 5. Nxd4 Nf6 6. Nxc6 bxc6 7. e5 Nd5 8.
Ne4 f5 9. Nd6+ Bxd6 10. exd6 O-O 11. Be2 Qh4 12. c4 Nf6 13. O-O Ng4 14. h3 Ne5
15. f4 Ng6 16. Be3 a5 17. Qd4 Qf6 18. b3 Re8 19. Bd3 Bb7 20. Rae1 Qxd4 21. Bxd4
Nh8 22. Re3 Nf7 23. Bc5 g6 24. Rfe1 Nh6 25. a4 Kf7 26. Kf2 Ng8 27. g4 Nf6 28.
Rg3 Rg8 29. Reg1 Ba6 30. Bd4 Rac8 31. gxf5 exf5 32. Re3 Rge8 33. Rge1 Rxe3 34.
Rxe3 Re8 35. Bxf6 Rxe3 36. Kxe3 Kxf6 37. Kd4 h6 38. h4 g5 39. hxg5+ hxg5 40.
fxg5+ Kxg5 41. Kc5 1-0

[Event "Eger Europe Chess"]
[Site "Eger"]
[Date "2001.02.22"]
[Round "7"]
[White "Blasko, Istvan"]
[Black "Nakamura, Hikaru"]
[Result "1/2-1/2"]
[WhiteElo "2325"]
[BlackElo "2365"]
[PlyCount "31"]
[EventDate "2001.02.??"]
[EventType "tourn"]
[EventRounds "9"]
[EventCountry "HUN"]
[EventCategory "4"]
[SourceTitle "EXT 2004"]
[Source "ChessBase"]
[SourceDate "2003.11.25"]
[SourceVersion "1"]
[SourceVersionDate "2003.11.25"]
[SourceQuality "1"]

1. d4 Nf6 2. c4 g6 3. Nc3 Bg7 4. e4 d6 5. Be2 O-O 6. Nf3 e5 7. O-O Nc6 8. d5
Ne7 9. b4 a5 10. bxa5 c5 11. a4 Rxa5 12. Ne1 Nd7 13. Nb5 Ra6 14. Be3 f5 15. f3
Nf6 16. Qc2 1/2-1/2

[Event "Eger Europe Chess"]
[Site "Eger"]
[Date "2001.02.23"]
[Round "8"]
[White "Nakamura, Hikaru"]
[Black "Vajda, Szidonia"]
[Result "1-0"]
[WhiteElo "2365"]
[BlackElo "2315"]
[PlyCount "91"]
[EventDate "2001.02.??"]
[EventType "tourn"]
[EventRounds "9"]
[EventCountry "HUN"]
[EventCategory "4"]
[SourceTitle "EXT 2004"]
[Source "ChessBase"]
[SourceDate "2003.11.25"]
[SourceVersion "1"]
[SourceVersionDate "2003.11.25"]
[SourceQuality "1"]

1. e4 e5 2. Nf3 Nc6 3. d4 exd4 4. Nxd4 Nf6 5. Nxc6 bxc6 6. e5 Qe7 7. Qe2 Nd5 8.
c4 Nb6 9. Nd2 a5 10. b3 a4 11. Bb2 axb3 12. axb3 Rxa1+ 13. Bxa1 Qa3 14. Qd1 Bb4
15. Bd3 Qa5 16. Ke2 Bxd2 17. Qxd2 Qxd2+ 18. Kxd2 O-O 19. Bd4 Bb7 20. Ra1 Ra8
21. Rxa8+ Bxa8 22. c5 Nd5 23. Bf5 Nf4 24. Bxd7 Nxg2 25. e6 fxe6 26. Bxe6+ Kf8
27. Be5 Nh4 28. Bxc7 Ke7 29. Bc8 Nf3+ 30. Ke3 Ng5 31. f4 Ne6 32. Bd6+ Kf6 33.
Ke4 g6 34. b4 Nd8 35. Be5+ Ke7 36. f5 Nf7 37. Bg7 gxf5+ 38. Kxf5 Ke8 39. Ba6
Kd7 40. Kf6 Nd8 41. Bd3 Bb7 42. Bf5+ Ke8 43. Bxh7 Ba6 44. Bg6+ Kd7 45. h4 Be2
46. h5 1-0

[Event "Eger Europe Chess"]
[Site "Eger"]
[Date "2001.02.24"]
[Round "9"]
[White "Habibi, Ali"]
[Black "Nakamura, Hikaru"]
[Result "0-1"]
[WhiteElo "2255"]
[BlackElo "2365"]
[PlyCount "186"]
[EventDate "2001.02.??"]
[EventType "tourn"]
[EventRounds "9"]
[EventCountry "HUN"]
[EventCategory "4"]
[SourceTitle "EXT 2004"]
[Source "ChessBase"]
[SourceDate "2003.11.25"]
[SourceVersion "1"]
[SourceVersionDate "2003.11.25"]
[SourceQuality "1"]

1. Nf3 g6 2. c4 Nf6 3. d4 Bg7 4. Nc3 d5 5. h3 O-O 6. e3 c5 7. Qb3 cxd4 8. exd4
dxc4 9. Bxc4 Nc6 10. Qd1 Na5 11. Be2 Be6 12. b3 Nd5 13. Nxd5 Bxd5 14. Be3 Nc6
15. O-O Qd7 16. Qd2 Rfd8 17. Rad1 Bxf3 18. Bxf3 Nxd4 19. Bxd4 Bxd4 20. Qb4 Rab8
21. Rd2 e5 22. Rc2 b6 23. Bg4 f5 24. Be2 a5 25. Qd2 Kg7 26. Qc1 Rbc8 27. a4
Rxc2 28. Qxc2 Rc8 29. Bc4 Qe7 30. Rd1 Qc5 31. Qd2 Rd8 32. Kf1 e4 33. g3 Rd6 34.
h4 Qe5 35. Qe2 f4 36. Re1 e3 37. Qf3 Rf6 38. g4 Rf8 39. g5 Rd8 40. Kg2 Qf5 41.
fxe3 Bxe3 42. Re2 h5 43. gxh6+ Kh7 44. Kh2 Rd4 45. Rg2 Kxh6 46. Be2 Rd2 47. Qg4
Qxg4 48. Bxg4 Rd3 49. Rb2 Bd4 50. Rb1 f3 51. Rf1 f2 52. Be6 Kh5 53. Bc4 Rc3 54.
Rd1 Bc5 55. Kg2 Kxh4 56. Rd3 Rc1 57. Rh3+ Kg5 58. Bf1 Re1 59. Rg3+ Kf6 60. Rf3+
Kg7 61. Rg3 Be3 62. Rh3 Kf6 63. Rh4 Ke5 64. b4 g5 65. Rg4 Rb1 66. bxa5 bxa5 67.
Rc4 Kd5 68. Rc3 Kd4 69. Rd3+ Ke4 70. Ra3 Rd1 71. Ra2 g4 72. Rc2 g3 73. Rc8 Bd4
74. Ra8 Be5 75. Rc8 Ra1 76. Rc4+ Bd4 77. Rc8 Be5 78. Rc4+ Ke3 79. Rc5 Bf4 80.
Rc3+ Ke4 81. Rc4+ Ke3 82. Rc3+ Kd2 83. Rc4 Bb8 84. Rc8 Be5 85. Rc5 Bc3 86. Rg5
Rxa4 87. Rxg3 Bd4 88. Bb5 Rb4 89. Bf1 a4 90. Rg8 Kc2 91. Rc8+ Kb2 92. Bc4 a3
93. Bg8 a2 0-1

[Event "US op 102nd"]
[Site "Framingham"]
[Date "2001.08.11"]
[Round "8"]
[White "Atalik, Suat"]
[Black "Nakamura, Hikaru"]
[Result "1-0"]
[WhiteElo "2537"]
[BlackElo "2452"]
[Annotator "Atalik,S"]
[PlyCount "71"]
[EventDate "2001.08.04"]
[EventType "swiss"]
[EventRounds "9"]
[EventCountry "USA"]
[SourceTitle "CBM 083 Extra"]
[Source "ChessBase"]
[SourceDate "2001.09.11"]
[SourceVersion "1"]
[SourceVersionDate "2001.09.11"]
[SourceQuality "1"]

1. d4 Nf6 2. c4 g6 3. Nf3 Bg7 4. g3 O-O 5. Bg2 d6 6. O-O Nc6 7. Nc3 a6 8. b3
Bg4 $6 {I have never liked this move in King's Indian.} (8... Rb8 $142) 9. Bb2
Bxf3 10. Bxf3 Nd7 11. d5 (11. e3 e5 12. dxe5 Ndxe5 13. Bg2 $14 {gives a long
time edge for white.}) 11... Na5 12. Qd2 c5 13. dxc6 $1 Nxc6 (13... bxc6 14.
Rfd1 Qc7 15. Rac1 $14) 14. Nd5 $1 {White is trying to create weaknesses in
black's camp.It is very important to exchange black's oly active piece.} e6 15.
Bxg7 Kxg7 16. Ne3 Nf6 17. Rfd1 Ne8 18. Rac1 Qe7 19. Qb2+ Nf6 $6 (19... Qf6 20.
Qa3 $1 {is tremendous for white.} Nd4 21. Kg2 (21. Bxb7 Rb8 22. Rxd4 Qxd4 23.
Qxa6 Nc7 24. Qc6 Ne8 $1 $11 {Somehow the whites bishop is stuck there and a2
is weak due to the threat of Qa7.}) 21... Nxf3 22. exf3 $16 {xNe8}) {After
some long thought I have considered that the position should be won for white
and came up with a sequence of moves.} 20. Ng4 $1 Rfd8 21. Bxc6 $3 {To secure
an advantage in this position is a matter of taste.} (21. Rd2 $1 {Atakisi,F.
When I have shown this position to some Turkish amateurs only European
correspondence champion Fatih Atakisi came up with a relevant solution.} h5 (
21... Rd7 22. Rcd1 Rad8 23. Bxc6 bxc6 24. Nxf6 Qxf6 25. Qa3 d5 26. Qxa6 $16)
22. Nxf6 Qxf6 23. Qa3 a5 24. Rcd1 (24. Qa4 Ra6 25. Rcd1 Qe7 26. h4 $16) 24...
a4 25. Rxd6 axb3 26. Qxb3 Rxd6 27. Rxd6 Nd4 28. Qxb7 Nxf3+ 29. exf3 Rxa2 30.
Qb3 Rb2 (30... Ra1+ $6 31. Rd1 Rxd1+ 32. Qxd1 Qc3 33. Qe2 $16) 31. Qe3 (31. Qd3
$2 {f2 should be defended.} h4) 31... Rc2 32. Rd4 $16) 21... bxc6 22. c5 $1 {
The point.} dxc5 (22... d5 23. Rd3 h5 24. Ne5 Rac8 25. Rf3 $1 (25. Qd4) 25...
Rf8 (25... d4 26. e3 $1 dxe3 27. fxe3 Rd5 28. e4 $1 $18) 26. h4 Rc7 27. Rf4 $16
) 23. Rxd8 Rxd8 24. Rxc5 $1 {This is the move my opponent was surprised for.} (
{After the natural.} 24. Qxf6+ $2 Qxf6 25. Nxf6 Kxf6 26. Rxc5 Rd2 27. Ra5 Rxe2
28. Rxa6 Rc2 $11 {the game peters out to be a draw.}) 24... Rd1+ 25. Kg2 Qxc5
26. Qxf6+ Kf8 $8 (26... Kg8 $4 27. Nh6+ Kf8 28. Qxf7#) 27. Ne5 Qd5+ $8 ({
one of the factors which made the combination possible for white is that f7
cannot be laterally protected.} 27... Qa7 28. Qh8+ Ke7 29. Nxc6+ $18) 28. f3
Ke8 29. Qxf7+ Kd8 30. Qg8+ Kc7 31. Qxh7+ Kb8 32. Qg8+ Ka7 33. Qf7+ Kb8 34. Qf8+
Ka7 35. Qe7+ Ka8 (35... Kb8 36. Nxg6 $1 Rd2 37. Nf4 (37. Qb4+ Ka7 (37... Kc7
38. Nf4 Qd6 39. Nxe6+ Kd7 40. Nc5+ Ke7 (40... Kc8 41. Qg4+) 41. Qe4+ $18) 38.
Nf4 $18) 37... Qd6 38. Qxd6+ Rxd6 39. h4 Kc7 40. Nd3 Kd8 41. g4 Ke7 42. f4 $18)
36. Nc4 $1 {Black's resignation is not premature.} (36. Nc4 $1 Qd4 37. Qxe6
Rg1+ 38. Kh3 Qh8+ 39. Kg4 Qh5+ 40. Kf4 $18) 1-0

[Event "Bermuda-A"]
[Site "Bermuda"]
[Date "2002.01.25"]
[Round "5"]
[White "Vuckovic, Bojan"]
[Black "Nakamura, Hikaru"]
[Result "0-1"]
[WhiteElo "2455"]
[BlackElo "2430"]
[Annotator "Hecht,H"]
[PlyCount "110"]
[EventDate "2002.01.21"]
[EventType "tourn"]
[EventRounds "9"]
[EventCountry "BER"]
[EventCategory "10"]
[SourceTitle "CBM 088"]
[Source "ChessBase"]
[SourceDate "2002.03.21"]
[SourceVersion "1"]
[SourceVersionDate "2002.03.21"]
[SourceQuality "1"]

1. e4 c5 2. Nf3 d6 3. d4 cxd4 4. Nxd4 Nf6 5. Nc3 a6 6. Bg5 e6 7. f4 Be7 8. Qf3
Qc7 9. O-O-O Nbd7 10. g4 b5 11. Bxf6 Nxf6 12. g5 Nd7 13. f5 Bxg5+ 14. Kb1 Ne5
15. Qh5 Qe7 16. Nxe6 Bxe6 17. fxe6 g6 18. exf7+ Kxf7 19. Qh3 Kg7 20. Nd5 Qd8
21. Qc3 Ra7 22. Qa3 Qb8 23. h4 Bh6 24. h5 a5 25. Be2 b4 26. Qg3 Rf7 27. hxg6
hxg6 28. Bh5 Qf8 29. Rhg1 Bf4 30. Nxf4 Rxf4 31. Bxg6 Rg4 32. Qxe5+ dxe5 33.
Rxg4 Rh2 34. Bf5+ Kh6 35. Rg6+ Kh5 36. Rc6 Qd8 37. Rc1 Qh4 38. Rc7 Kg5 39. a4
Rh1 40. Rxh1 Qxh1+ 41. Ka2 {[#] Schwarz belagert mit weißer Hilfe erfolgreich
die einzige Schwäche im weißen Lager, den Bb2....} Kf4 42. Rc4 Qd1 43. Be6 Ke3
44. Bd5 Kd2 45. Rc8 ({Simpel war} 45. b3 Kc1 46. Bc6 $11 {[%csl Gb2][%cal
Yc6d5,Gc4d4,Gc4c3] Festung! Pendelzüge des Königs (a2-a1-a2) sind ebenso
möglich wie solche mit dem Läufer (c6-d5-c6).}) 45... Kc1 46. Bb3 Qe2 47. Rc4
$6 (47. Bd5 $142) 47... Kd2 48. Rc5 {Man kann jedoch an folgende Festung
denken:} (48. c3 bxc3 49. Rxc3 Qxe4 50. Rc5 Qf4 51. Rxa5 e4 52. Rd5+ Ke1 53.
Rc5 e3 54. Rc3 e2 55. Bc4 Kf2 56. Bxe2 Kxe2 57. Kb1 $11 {Ba4 wird nicht
benötigt.}) 48... Qxe4 49. Rxa5 Kc1 {[%cal Re4d4,Rd4b2]} 50. Rd5 Qe2 {[%csl
Gc4]} 51. a5 (51. Rb5 e4 52. Rxb4 e3 53. Bc4 Qxc2 {[%csl Rb1]} 54. Bb5 (54. a5
Qb1+ 55. Ka3 Qa1+ 56. Kb3 Qxb2+ 57. Ka4 Qc2+ 58. Kb5 e2 59. Bxe2 Qxe2+ 60. Kb6
Qe3+ {Matt in 38 (Tablebase)}) 54... e2 55. Bxe2 Qb1+ 56. Ka3 Qa1+ 57. Kb3
Qxb2+ 58. Kc4 Qxe2+ $19 {Matt in 34 (Tablebase)}) 51... e4 52. Rd6 e3 53. a6
Qg2 (53... Qh5 $1 $19 {[%csl Ra5,Re5][%cal Ra5a2,Re5b2]}) 54. Re6 (54. Bd5 Qg5
55. a7 Qe5 56. c3 Qxd6 57. a8=Q e2 58. Qe8 Qxd5+ {nebst matt}) 54... Qg7 55. c3
Qg2 0-1

[Event "Budapest FS04 GM-A"]
[Site "Budapest"]
[Date "2002.04.12"]
[Round "11"]
[White "Nakamura, Hikaru"]
[Black "Antal, Gergely"]
[Result "0-1"]
[WhiteElo "2466"]
[BlackElo "2457"]
[Annotator "Psakhis,L"]
[PlyCount "78"]
[EventDate "2002.04.02"]
[EventType "tourn"]
[EventRounds "13"]
[EventCountry "HUN"]
[EventCategory "9"]
[SourceTitle "CBM 089"]
[Source "ChessBase"]
[SourceDate "2002.08.12"]
[SourceVersion "1"]
[SourceVersionDate "2002.08.12"]
[SourceQuality "1"]

1. e4 c5 2. c3 e6 3. d4 d5 4. e5 Nc6 5. Nf3 cxd4 {As usual Black postpone this
exchange for some time.} 6. cxd4 Nh6 7. Bxh6 gxh6 8. Be2 $146 {Passive move, I
would prefer} (8. Nc3 {[%csl Ge5][%cal Gf1b5]}) 8... Bg7 9. O-O O-O 10. Na3 f6
11. exf6 Qxf6 12. Nc2 Bd7 (12... a6 13. Qd2 Bd7 14. Rad1 Be8 15. Nb4 Nxb4 16.
Qxb4 Bh5 $13 {1/2-1/2 Yudasin,L-Glek,I/Tilburg(3) 1994 (60)}) 13. b4 Be8 14. b5
Ne7 15. Ne3 $146 (15. Ne5 Ng6 16. Ng4 Qg5 17. g3 h5 18. f4 Nxf4 19. Rxf4 Rxf4
20. gxf4 Qg6 21. h3 hxg4 22. Bd3 Qf6 $15 {1-0 Kirichenko,V-Borejko,Y/Ukraine
1998 (37)}) 15... Ng6 16. a4 ({Unfortunately, White can't play} 16. g3 {
because of} Bxb5 $1) 16... Nf4 {Black got active and promising position and
it's White who must think already about equalization.} 17. Ne5 Qg5 18. Bf3 (18.
g3 $5 Nxe2+ 19. Qxe2 Bxe5 20. dxe5 Qxe5 $15) 18... Bxe5 ({Worth considering
also} 18... Ng6 19. Nxg6 Bxg6 {[%csl Rd4,Gg7][%cal Gf8f4]}) 19. dxe5 Qxe5 20.
Re1 Qg7 21. g3 Nh3+ (21... Bg6 $5 22. Bg4 Kh8 $1 (22... h5 23. Ng2 $8 hxg4 24.
Nxf4) 23. gxf4 h5 $36) 22. Kg2 Ng5 23. Bg4 Bg6 {Black has already rich choice.}
(23... h5 $5 24. Bxh5 Bxh5 25. Qxh5 Nf3 {[%csl Gf3]} 26. Red1 d4 27. Ng4 Rad8
$17 {also leads to clear advantage of black}) 24. f4 (24. h4 Be4+ 25. Kf1 Bf3
$1) 24... Be4+ 25. Kg1 Rxf4 $5 {[%mdl 512] Brave decision. Black is getting
for rook few pawns and long terms attack against open white's king.} (25... h5
26. fxg5 hxg4 27. Qxg4 Rae8 $17 {[%csl Gd5,Ge4,Ge6]}) 26. gxf4 Nh3+ 27. Kf1
Nxf4 28. Ra2 $8 {Only move} (28. Bf3 Bd3+ 29. Re2 (29. Kf2 Nh3#) 29... Rf8 $19
{lose quickly.}) 28... Rf8 29. Rf2 $8 h5 $1 (29... d4 $5) ({or} 29... Bd3+ {
also were good alternatives.}) 30. Bf3 (30. Bxe6+ Nxe6 31. Rxf8+ Qxf8+ 32. Kg1
Qg7+ 33. Kf2 Qf6+ 34. Kg1 Nf4 $19) 30... Nh3 $1 ({I think that Black rightly
avoided the line} 30... Nd3 31. Rg2 Rxf3+ 32. Kg1 Bg6 33. Nf5 $5 exf5 (33...
Qc3 $5) 34. Qxf3 Nxe1 35. Qxd5+ $11) 31. Rg2 Ng5 {[%csl Ge4,Rf1,Gf8,Gg5][%cal
Rf8f1]} 32. Qa1 (32. Nf5 Bxf5 33. h4 Bg4 $19) 32... Rxf3+ 33. Kg1 Nh3+ {
Beggining of the end, but} (33... e5 $5 34. h4 Rxe3 $1 35. Rxg5 Rg3+ $19 {
also was good enough}) 34. Kh1 Rf7 35. Qc1 (35. Qxg7+ Rxg7 36. Rc1 h6 $1 $19 {
[%csl Ge4]}) 35... Nf4 $19 36. Reg1 Nxg2 (36... Kh8) 37. Nxg2 h6 (37... Qg4 $1)
38. Qd1 Rf2 39. h4 Rxg2 0-1

[Event "Budapest FS04 GM-A"]
[Site "Budapest"]
[Date "2002.04.13"]
[Round "12"]
[White "Czebe, Attila"]
[Black "Nakamura, Hikaru"]
[Result "0-1"]
[WhiteElo "2462"]
[BlackElo "2466"]
[Annotator "Hecht,H"]
[PlyCount "122"]
[EventDate "2002.04.02"]
[EventType "tourn"]
[EventRounds "13"]
[EventCountry "HUN"]
[EventCategory "9"]
[SourceTitle "CBM 089"]
[Source "ChessBase"]
[SourceDate "2002.08.12"]
[SourceVersion "1"]
[SourceVersionDate "2002.08.12"]
[SourceQuality "1"]

1. e4 c5 2. Nf3 d6 3. d4 cxd4 4. Nxd4 Nf6 5. f3 e5 6. Nb3 d5 7. Bg5 Be6 8. Bxf6
gxf6 9. exd5 Qxd5 10. Qxd5 Bxd5 11. Nc3 Be6 12. O-O-O Nd7 13. Bb5 O-O-O 14. Ne4
Be7 15. Bxd7+ Rxd7 16. Nbc5 Rxd1+ 17. Rxd1 Kc7 18. Rd3 Bc8 19. Rc3 Kb8 20. Rd3
Kc7 21. Rc3 f5 22. Nf6 Kd6 23. Nh5 Rg8 24. f4 e4 25. Nb3 Bd7 26. Rg3 Rg6 27.
Nd4 Bh4 28. Rxg6+ fxg6 {Springer- gegen Läuferpaar bei teilblockierter
Stellung.} 29. Ng3 Kd5 30. Nde2 g5 31. Kd2 gxf4 32. Nxf4+ Ke5 33. Nge2 Bf2 34.
g3 Be8 35. Nc3 Bg1 36. Ke2 h5 37. h4 Bf7 38. b3 Bc5 39. Nd1 Be7 40. Ng2 Bf8 41.
Nf4 Be7 42. Ng2 Bf8 43. Nf4 b5 44. Nc3 a6 45. a4 $6 {führt zu einer fatalen
Bauernschwäche auf a4.} Kd4 46. Nd1 bxa4 47. bxa4 Bh6 48. Ne3 Ke5 49. Kf2 $2 (
49. Nfg2 $142) 49... Bxf4 50. gxf4+ Kxf4 51. Ng2+ Ke5 52. Ke3 a5 $1 $19 {
[%csl Ra4]} 53. Nf4 Be8 54. c4 Bxa4 55. Nxh5 Be8 56. Nf4 a4 57. Nd5 a3 58. Nc3
f4+ 59. Kd2 Kd4 60. h5 e3+ 61. Kc2 Kxc4 0-1

[Event "Windsor Bradley op 7th"]
[Site "Windsor Locks"]
[Date "2002.07.20"]
[Round "2"]
[White "Nakamura, Hikaru"]
[Black "Plum, Mark"]
[Result "1-0"]
[WhiteElo "2511"]
[BlackElo "2154"]
[PlyCount "75"]
[EventDate "2002.07.??"]
[EventType "swiss"]
[EventRounds "5"]
[EventCountry "USA"]
[SourceTitle "EXT 2005"]
[Source "ChessBase"]
[SourceDate "2004.11.15"]
[SourceVersion "1"]
[SourceVersionDate "2004.11.15"]
[SourceQuality "1"]

1. e4 e6 2. d4 d5 3. Nc3 Bb4 4. e5 Qd7 5. a3 Bf8 6. b4 b6 7. Nf3 c6 8. Bd3 Ba6
9. O-O Bxd3 10. cxd3 Ne7 11. Be3 Nf5 12. Qb3 Be7 13. Rfc1 O-O 14. Ne2 Qb7 15.
Bd2 Nd7 16. Ra2 g6 17. Rac2 Rfc8 18. g4 Ng7 19. Nf4 Rab8 20. Be3 Rc7 21. h4
Rbc8 22. Kg2 Qa8 23. Kg3 c5 24. bxc5 bxc5 25. dxc5 Nxc5 26. Qb5 Ne4+ 27. dxe4
Rxc2 28. Rxc2 Rxc2 29. exd5 exd5 30. Nxd5 Bd8 31. Bg5 Bxg5 32. Nxg5 Ne6 33.
Nf6+ Kg7 34. Nxe6+ fxe6 35. Qd7+ Kf8 36. Nxh7+ Kg8 37. Ng5 Rc3+ 38. Kh2 1-0

[Event "New York Masters 20th"]
[Site "New York"]
[Date "2002.08.13"]
[Round "2"]
[White "Yudasin, Leonid"]
[Black "Nakamura, Hikaru"]
[Result "1/2-1/2"]
[WhiteElo "2573"]
[BlackElo "2494"]
[PlyCount "167"]
[EventDate "2002.08.13"]
[EventType "swiss (rapid)"]
[EventRounds "4"]
[EventCountry "USA"]
[SourceTitle "EXT 2003"]
[Source "ChessBase"]
[SourceDate "2002.11.25"]
[SourceVersion "1"]
[SourceVersionDate "2002.11.25"]
[SourceQuality "1"]

1. e4 c5 2. Nf3 d6 3. c3 Nf6 4. Be2 Bd7 5. d3 Nc6 6. O-O g6 7. Nbd2 Bg7 8. d4
cxd4 9. cxd4 O-O 10. d5 Ne5 11. Nxe5 dxe5 12. Bc4 Ne8 13. b3 Nd6 14. Bb2 b5 15.
Bd3 e6 16. Ba3 Qb6 17. dxe6 Bxe6 18. Bxd6 Rfd8 19. Nf3 Rxd6 20. Qe2 a6 21. Ng5
Bd7 22. Rad1 h6 23. Nf3 Rd8 24. Bc2 Be6 25. Rxd6 Rxd6 26. Rd1 Bf6 27. h3 Rxd1+
28. Qxd1 Qc5 29. Nh2 Bh4 30. Qe2 Qa3 31. Bd3 Bd8 32. Ng4 Kg7 33. Qd2 Bg5 34.
Qc2 Qd6 35. Qc3 Bxg4 36. hxg4 Bd8 37. g3 Bb6 38. Kg2 Bd4 39. Qc2 Qf6 40. a4
bxa4 41. bxa4 a5 42. Bc4 Qc6 43. Bb3 Qf6 44. Bd5 h5 45. gxh5 gxh5 46. Qe2 h4
47. Qg4+ Kf8 48. gxh4 Qxf2+ 49. Kh3 Be3 50. Qg3 Qf1+ 51. Qg2 Qf6 52. Qg3 Qf1+
53. Qg2 Qf6 54. Qg3 Bh6 55. Kg2 Bf4 56. Qg4 Be3 57. Qc8+ Kg7 58. Qg4+ Kh6 59.
Qf5 Qg7+ 60. Kf3 Bf4 61. Qxf7 Qg3+ 62. Ke2 Qe3+ 63. Kf1 Qd3+ 64. Kf2 Qg3+ 65.
Kf1 Qh3+ 66. Ke2 Qe3+ 67. Kf1 Qh3+ 68. Ke2 Qg2+ 69. Kd3 Qd2+ 70. Kc4 Qb4+ 71.
Kd3 Qd4+ 72. Ke2 Qd2+ 73. Kf1 Qd3+ 74. Kf2 Qg3+ 75. Kf1 Qf3+ 76. Ke1 Qc3+ 77.
Kf2 Qd2+ 78. Kf1 Qd3+ 79. Kf2 Qe3+ 80. Kf1 Qh3+ 81. Ke2 Qh2+ 82. Kd3 Qd2+ 83.
Kc4 Qb4+ 84. Kd3 1/2-1/2

[Event "New York Masters 21st"]
[Site "New York"]
[Date "2002.08.20"]
[Round "3"]
[White "Nakamura, Hikaru"]
[Black "Najer, Evgeniy"]
[Result "0-1"]
[WhiteElo "2494"]
[BlackElo "2585"]
[PlyCount "94"]
[EventDate "2002.08.20"]
[EventType "swiss (rapid)"]
[EventRounds "4"]
[EventCountry "USA"]
[SourceTitle "EXT 2003"]
[Source "ChessBase"]
[SourceDate "2002.11.25"]
[SourceVersion "1"]
[SourceVersionDate "2002.11.25"]
[SourceQuality "1"]

1. e4 c5 2. Nf3 d6 3. d4 cxd4 4. Nxd4 Nf6 5. Nc3 a6 6. Be3 e6 7. f3 b5 8. g4 h6
9. Qd2 Nbd7 10. O-O-O Bb7 11. h4 b4 12. Na4 d5 13. Bh3 dxe4 14. g5 hxg5 15.
hxg5 exf3 16. gxf6 Nxf6 17. Qe1 Qa5 18. Nb6 Rd8 19. Nb3 Rxd1+ 20. Qxd1 Qe5 21.
Qd2 Be7 22. Bf4 Qe2 23. Rh2 Qxd2+ 24. Nxd2 g5 25. Bc7 g4 26. Bxg4 Rxh2 27. Bxf3
Rxd2 28. Bxb7 Rf2 29. Bxa6 Ne4 30. Bd3 Bg5+ 31. Kd1 Rd2+ 32. Ke1 Bh4+ 33. Kf1
Rf2+ 34. Kg1 Ng5 35. a4 bxa3 36. bxa3 Nf3+ 37. Kh1 e5 38. Bxe5 Nxe5 39. Be4 f5
40. Bb7 f4 41. a4 f3 42. a5 Bg3 43. Ba6 Rxc2 44. Kg1 Rc1+ 45. Bf1 Ng4 46. a6
Bf2+ 47. Kh1 Rxf1# 0-1